Multivariate Statistics in the Social Sciences : (Record no. 6056)
[ view plain ]
| 000 -LEADER | |
|---|---|
| fixed length control field | 00596cac a22001691u 4500 |
| 090 ## - LOCALLY ASSIGNED LC-TYPE CALL NUMBER (OCLC); LOCAL CALL NUMBER (OCLC) | |
| -- | 6056 |
| 008 - FIXED-LENGTH DATA ELEMENTS--GENERAL INFORMATION | |
| fixed length control field | 081102t1983 xxu||||| |||| 00| 0 eng d |
| 010 ## - LIBRARY OF CONGRESS CONTROL NUMBER | |
| LC control number | 82020618 |
| 020 ## - INTERNATIONAL STANDARD BOOK NUMBER | |
| International Standard Book Number | 0534011470 |
| 082 00 - DEWEY DECIMAL CLASSIFICATION NUMBER | |
| Classification number | 300.519535 |
| Item number | MAR |
| 245 10 - TITLE STATEMENT | |
| Title | Multivariate Statistics in the Social Sciences : |
| Remainder of title | A Researcher's Guide / |
| Statement of responsibility, etc | Leonard A. Marascuilo, Joel R. Levin. |
| 260 ## - PUBLICATION, DISTRIBUTION, ETC. (IMPRINT) | |
| Place of publication, distribution, etc | Monterey, Calif. : |
| Name of publisher, distributor, etc | Brooks/Cole Pub. Co., |
| Date of publication, distribution, etc | c1983. |
| 260 ## - PUBLICATION, DISTRIBUTION, ETC. (IMPRINT) | |
| Name of publisher, distributor, etc | Distributer: Al-Ahram. |
| 300 ## - PHYSICAL DESCRIPTION | |
| Extent | xiii, 530 p. : |
| Other physical details | ill. ; |
| Dimensions | 24 cm. |
| 504 ## - BIBLIOGRAPHY, ETC. NOTE | |
| Bibliography, etc | Includes bibliographical references and index. |
| 942 ## - ADDED ENTRY ELEMENTS (KOHA) | |
| Item type | Book - Borrowing |
| Call number prefix | 300.519535MAR |
| Source of classification or shelving scheme | Dewey Decimal Classification |
| Withdrawn status | Item status | Source of classification or shelving scheme | Damaged status | Not for loan | Home library | Current library | Shelving location | Date acquired | Source of acquisition | Total Checkouts | Total Renewals | Full call number | Barcode | Date last seen | Date last borrowed | Koha item type |
|---|---|---|---|---|---|---|---|---|---|---|---|---|---|---|---|---|
| Dewey Decimal Classification | Central Library | Central Library | First floor | 07/11/2012 | Purchase | 1 | 12 | 300.519535 MAR | 000007685 | 15/07/2025 | 09/09/2014 | Book - Borrowing |